Fuego y ceniza / (Record no. 5728)

MARC details
000 -LEADER
campo de control de longitud fija 00738nam a2200265 i 4500
001 - NÚMERO DE CONTROL
campo de control 5728
003 - IDENTIFICADOR DE NÚMERO DE CONTROL
campo de control ES-MaACL
005 - FECHA Y HORA DE LA ÚLTIMA TRANSACCIÓN
campo de control 20230906144656.0
007 - CAMPO FIJO DE DESCRIPCIÓN FÍSICA--INFORMACIÓN GENERAL
campo de control de longitud fija t|
008 - DATOS DE LONGITUD FIJA--INFORMACIÓN GENERAL
campo de control de longitud fija 890517s1988 sp ||||1| spa d
020 ## - NÚMERO INTERNACIONAL ESTÁNDAR DEL LIBRO
Número Internacional Estándar del Libro 84-86747-18-X
080 ## - NÚMERO DE LA CLASIFICACIÓN DECIMAL UNIVERSAL
Número de la Clasificación Decimal Universal 86-14"19"
080 ## - NÚMERO DE LA CLASIFICACIÓN DECIMAL UNIVERSAL
Número de la Clasificación Decimal Universal 86(Serna,C.7 F.01)
100 1# - ENTRADA PRINCIPAL--NOMBRE DE PERSONA
Nombre de persona Serna, Carmen.
9 (RLIN) 105565
245 10 - MENCIÓN DEL TÍTULO
Título Fuego y ceniza /
Mención de responsabilidad, etc. Carmen Serna.
250 ## - MENCION DE EDICION
Mención de edición 1a ed.
260 ## - PUBLICACIÓN, DISTRIBUCIÓN, ETC.
Lugar de publicación, distribución, etc. Barcelona :
Nombre del editor, distribuidor, etc. Seuba,
Fecha de publicación, distribución, etc. 1988.
300 ## - DESCRIPCIÓN FÍSICA
Extensión 78 p. ;
Dimensiones 20 cm.
490 1# - MENCIÓN DE SERIE
Mención de serie El juglar y la luna ;
Designación de volumen o secuencia 18
830 0# - PUNTO DE ACCESO ADICIONAL DE SERIE-TÍTULO UNIFORME
Título uniforme El juglar y la luna ;
Designación de volumen o secuencia 18
9 (RLIN) 177351
852 ## - LOCALIZACIÓN
Ubicación ES-MaACL
Número de control de estantería L-12744
Sublocalización o colección R.116512
Nota libre . - rust.
852 ## - LOCALIZACIÓN
Ubicación ES-MaACL
Número de control de estantería L-12743
Sublocalización o colección R.116493
852 ## - LOCALIZACIÓN
Ubicación ES-MaACL
Número de control de estantería L-13284
Sublocalización o colección R.116283
Holdings
Estatus retirado Estado de pérdida Estado de daño No para préstamo Biblioteca de origen Biblioteca actual Ubicación en estantería Fecha de adquisición Fuente de adquisición Total de préstamos Signatura topográfica completa Código de barras Visto por última vez Precio de reemplazo Tipo de ítem Koha
        Biblioteca del Ateneo de Madrid Biblioteca del Ateneo de Madrid Depósito 2 17/01/2008     L-13284 1005812 23/02/2023 23/02/2023 Libro impreso
        Biblioteca del Ateneo de Madrid Biblioteca del Ateneo de Madrid Depósito 2 17/01/2008     L-12744 1005810 23/02/2023 23/02/2023 Libro impreso
        Biblioteca del Ateneo de Madrid Biblioteca del Ateneo de Madrid Depósito 2 17/01/2008     L-12743 1005811 23/02/2023 23/02/2023 Libro impreso